000 00627nam a22001937a 4500
999 _c182516
_d182516
005 20211118114444.0
010 _aUR-11328
020 _c150.00
_a9789390789764
035 _aU-9883
037 _bDBAD/PUB
082 _a841
100 _aشبا نہ عشر ت
245 _aد ھند ميں لپٹا چا ند
_cشبا نہ عشر ت
246 _aDhund mein Lipta Chand (Urdu)
_bby Shabana Ishrat
260 _aN.Delhi
_c2021 ء
_bEducational Publishing House
270 _aD1/16,Ansari Road,Darya Ganj,
_bNew Delhi
_e110002
_l -
300 _a124 ص
_c22 Cm(Hb)
942 _2ddc
_cUR
_h841
_mش ب ا